| 000 | 01435nam0a22003011 4500 | ||
|---|---|---|---|
| 001 | RU\NLR\A1\32176 | ||
| 005 | 20251203152403.2 | ||
| 035 | _a(NLR Aleph) 009682325 | ||
| 090 |
_a9706637 _c9706637 |
||
| 100 | _a20010828d1779 u y0rusy50 ca | ||
| 101 | 0 | _arus | |
| 102 | _aRU | ||
| 200 | 1 | _aПлан училища, учрежденнаго для благороднаго юношества под смотрением Вениамина Генша, аттестованнаго Имп. Московским университетом, содержателя Благороднаго пансиона | |
| 210 |
_a[М.] _cТип. Имп. Моск. ун-та _d1779 |
||
| 215 |
_a8 с. _d4° |
||
| 321 | 1 | _aСК XVIII 1372 | |
| 518 | 1 | _aПлан училища, учрежденного для благородного юношества под смотрением Вениамина Генша, аттестованного Имп. Московским университетом, содержателя Благородного пансиона | |
| 620 | _dМосква | ||
| 700 | 1 |
_aГенш _bВ.Х. _gВениамин Христианович _4070 |
|
| 712 | 0 | 2 |
_aМосковский университет _bТипография _4610 |
| 801 | 0 |
_aRU _bNLR _c20010828 |
|
| 830 | _aВопрос к ГПИБ | ||
| 899 | _aГПИБ | ||
| 899 | _aГПИБ | ||
| 942 | _cBOOK | ||
| 980 | _aNB | ||
| 980 | _aA1XVIIIv | ||